000 00428nam a22001577a 4500
005 20250915160400.0
008 250915b |||||||| |||| 00| 0 eng d
020 _a979-8-88715-108-3
100 _aDVORSKY, ANTHONY BEN
245 _aGAS TURBINES
260 _aDUBLIN
_bORYSON PRESS
_c2023
300 _aVI, 298P.
500 _aINCLUDES INDEX
650 _a1. GAS- TURBINES 2. JET PROPULSION -ENGINEERING
942 _2lcc
_cBK
999 _c216092
_d216092